Exploring Human Society, (Record no. 5611)

MARC details
005 - DATE AND TIME OF LATEST TRANSACTION
control field 20250627120050.0
020 ## - INTERNATIONAL STANDARD BOOK NUMBER
International Standard Book Number 0-07-548857-4
082 ## - DEWEY DECIMAL CLASSIFICATION NUMBER
Classification number 301 WIL.
100 ## - MAIN ENTRY--PERSONAL NAME
Author name WILLIAMS, W.
245 ## - TITLE STATEMENT
Title Exploring Human Society,
260 ## - PUBLICATION, DISTRIBUTION, ETC.
Place of publication, distribution, etc. New York,
Name of publisher, distributor, etc. Mc Graw Hill Companies,
Date of publication, distribution, etc. 1989.
300 ## - PHYSICAL DESCRIPTION
Extent 373p.; Ill.; picture.
Other physical details Index,
Dimensions 24cm.
700 ## - ADDED ENTRY--PERSONAL NAME
Other authors/Editors SHEFFE, N.
942 ## - ADDED ENTRY ELEMENTS (KOHA)
Source of classification or shelving scheme Dewey Decimal Classification
Koha item type Books
Holdings
Date last seen Total checkouts Full call number Barcode Cost, replacement price Price effective from Koha item type Lost status Source of classification or shelving scheme Damaged status Not for loan Withdrawn status Home library Current library Shelving location Date acquired Cost, normal purchase price
06/27/2025   301WIL DOM0002524 240000.00 06/27/2025 Books   Dewey Decimal Classification       CBE Dodoma CBE Dodoma General Collection 08/11/1996 80000.00
06/27/2025   301WIL DOM0002514 240000.00 06/27/2025 Books   Dewey Decimal Classification       CBE Dodoma CBE Dodoma General Collection 08/11/1996 80000.00